| 000 | 01568cam a22004334i 4500 | ||
|---|---|---|---|
| 003 | PE-LiUPU | ||
| 005 | 20250731173203.0 | ||
| 008 | 150625s1987 r 000 0 eng d | ||
| 035 | _a(Sirsi) a30504 | ||
| 040 |
_aPE-LiUPU _bspa _cPE-LiUPU _erda |
||
| 049 | _aPRUA | ||
| 082 | 0 | 4 |
_a215.7207 _bM79 _221 |
| 100 | 1 |
_aMorris, Brian, _eautor. |
|
| 245 | 1 | 0 |
_aAnthropological Studies of Religión / _cBrian Morris. |
| 264 | 1 |
_aCambridge : _bCambridge University Press, _c1987. |
|
| 300 |
_a369 páginas ; _c23 centímetros |
||
| 336 |
_atext _2rdacontent |
||
| 337 |
_aunmediated _2rdamedia |
||
| 338 |
_avolume _2rdacarrier |
||
| 505 | 0 | _aReligion as ideology -- Religion as theodicy -- The anthropological tradition -- Religion and psychology -- Religion: meaning and function -- Religious thought: structue and hermeneutics. | |
| 526 | _aSEG42 | ||
| 526 | _aSEG41 | ||
| 526 | _aSEG40 | ||
| 526 | _aSEG39 | ||
| 526 | _aP94 | ||
| 526 | _aP87 | ||
| 526 | _aP86 | ||
| 526 | _aP85 | ||
| 526 | _aP77 | ||
| 526 | _aP76 | ||
| 526 | _aP35 | ||
| 650 | 1 | 4 |
_aReligión _xEstudio y enseñanza _xHistoria. |
| 942 |
_2ddc _cBOOK |
||
| 949 |
_a215.7207 M79 _wDEWEY _c1 _i36234 _lCCODEBUL1 _mBUL _p00.00 _r0 _sY _tBOOK _u2015-06-25 _xBIBLIOTECA _zUNKNOWN _0COMPRA _o.STAFF. Colección General |
||
| 994 |
_aC0 _bPEPRU |
||
| 596 | _a1 | ||
| 999 |
_a215.7207 M79 _wDEWEY _c37956 _i36234 _f2021-11-9 _g5 _lCCODEBUL1 _mBUL _p23.35 _r0 _sY _tBOOK _u2015-6-25 _xTEOLOGIA _PP35 _0COMPRA _o.STAFF. Colección Teología _d37956 |
||
| 980 |
_81 _gALBERTO SANCHEZ Responsable de Automatización |
||